000
00240 a2200097 4500
001
35344
100
_a
Swamy N V C
245
_a
Mathematical Modeling in Science & Tech.
260
_a
New Delhi
_b
Tata McGraw Hill
_c
090
_c
23376
_d
23376
942
_a
NUST-CAE
_c
M
_c
14865
999
_c
270417
_d
270417